Energetičeskije poteri i probegi ionov v tverdych telach /

Uložené v:
Podrobná bibliografia
Hlavní autori: Kumachov, Muradin Abubekirovič (Author), Komarov, Fadej Fadejevič (Author)
Médium: Kniha
Jazyk:Russian
Vydané: Minsk : Izdatel'stvo BGU, 1979.
Vydanie:1. izd.
ISBN: (viaz.)
Fyzický popis: 318 s.
Tagy: Pridať tag
Žiadne tagy, Buďte prvý kto otaguje tento záznam!

MARC

LEADER 00000nam a2200000 a 4500
001 000110708
005 20091124220814.0
008 800604s1979 bw rus d
020 |a (viaz.) 
040 |a SVKKK  |b slo  |c SVKKK  |e AACR2 
041 0 |a rus 
044 |a bw  |c RU 
100 1 |a Kumachov, Muradin Abubekirovič  |4 aut 
245 1 0 |a Energetičeskije poteri i probegi ionov v tverdych telach /  |c Muradin Abubekirovič Kumachov, Fadej Fadejevič Komarov. 
250 |a 1. izd. 
260 |a Minsk :  |b Izdatel'stvo BGU,  |c 1979. 
300 |a 318 s. 
700 1 |a Komarov, Fadej Fadejevič  |4 aut 
910 |a svkkk 
998 |a BK 
090 |g SCKHL  |k Sklad Pribinova 2. posch.  |a II.257914  |j 619146  |i 110708-10  |s Absenčne